Margaret Thatcher’s European Legacy bakalárska práca

Enregistré dans:
Détails bibliographiques
Auteur principal: Frantová, Eva
Collectivité auteur: Fakulta aplikovaných jazykov EU v Bratislave. Katedra interkultúrnej komunikácie
Autres auteurs: Némethová, Ildikó, 1974-
Format: Livre
Langue:anglais
Publié: Bratislava 2015
Tags: Ajouter un tag
Pas de tags, Soyez le premier à ajouter un tag!

MARC

LEADER 00000nbm a2200000 4500
001 0202005
005 20161212094201.0
041 0 |a eng 
044 |a SK 
245 1 0 |a Margaret Thatcher’s European Legacy  |b bakalárska práca  |c Eva Frantová ; školiteľ: Ildikó Némethová 
264 1 |a Bratislava  |c 2015 
300 |a 48 s. 
100 1 |a Frantová, Eva 
700 1 |a Némethová, Ildikó, 1974- 
710 2 |a Fakulta aplikovaných jazykov EU v Bratislave. Katedra interkultúrnej komunikácie